000 00442nam a22001577a 4500
008 250610b |||||||| |||| 00| 0 eng d
020 _a9789789042166
050 _aHJ 9929
_b.A 33
100 _aAdams Rasheed Alimi
245 _aPublic sectors accounting& finance made simple
250 _a3rd
260 _aLagos
_bCorporate publishers ventures
_c2014
300 _a630p
650 _aFinance public-Nigeria
_vAccounting
942 _cBK
999 _c3835
_d3835